Online katalóg knižníc regiónu Turca

Izba (Record no. 22679)

MARC details
000 -LEADER
fixed length control field 01099cam a2200349 a 4500
001 - CONTROL NUMBER
control field 22679
003 - CONTROL NUMBER IDENTIFIER
control field SK-KTurca
005 - DATE AND TIME OF LATEST TRANSACTION
control field 20260415151620.0
008 - FIXED-LENGTH DATA ELEMENTS--GENERAL INFORMATION
fixed length control field 240318s2017 xo g 000 f slo
015 ## - NATIONAL BIBLIOGRAPHY NUMBER
National bibliography number SNBA2017/08
020 ## - INTERNATIONAL STANDARD BOOK NUMBER
International Standard Book Number 9788055151533
Qualifying information (viaz.)
035 ## - SYSTEM CONTROL NUMBER
System control number urn:nbn:sk:snk-am00e0cv
035 ## - SYSTEM CONTROL NUMBER
System control number urn:nbn:sk:snk-am3iaf4
035 ## - SYSTEM CONTROL NUMBER
System control number 678579A9-49D0-4E7E-9D1F-9FD5E1FB4E02
040 ## - CATALOGING SOURCE
Original cataloging agency TTKJF
Language of cataloging slo
Transcribing agency TTKJF
Modifying agency SNK
Description conventions AACR2
041 1# - LANGUAGE CODE
Language code of text/sound track or separate title slo
Language code of original eng
044 ## - COUNTRY OF PUBLISHING/PRODUCING ENTITY CODE
MARC country code xo
ISO country code SK
072 #7 - SUBJECT CATEGORY CODE
Subject category code 821.111-3
Subject category code subdivision Anglická próza, anglicky písaná
Source konspekt
080 ## - UNIVERSAL DECIMAL CLASSIFICATION NUMBER
Universal Decimal Classification number 821.111(415)-31
Edition identifier 2011
100 1# - MAIN ENTRY--PERSONAL NAME
Personal name Donoghue, Emma,
Dates associated with a name 1969-
Relationship aut
240 10 - UNIFORM TITLE
Uniform title Room
Language of a work Slovensky
245 10 - TITLE STATEMENT
Title Izba
Statement of responsibility, etc. Emma Donoghuová ; preložil Jozef Kot
250 ## - EDITION STATEMENT
Edition statement 2. vyd.
260 ## - PUBLICATION, DISTRIBUTION, ETC.
Place of publication, distribution, etc. Bratislava
Name of publisher, distributor, etc. Ikar
Date of publication, distribution, etc. 2017
300 ## - PHYSICAL DESCRIPTION
Extent 305 s.
Dimensions 24 cm
500 ## - GENERAL NOTE
General note Preložené z anglického originálu
655 #7 - INDEX TERM--GENRE/FORM
Genre/form data or focus term írske romány (anglicky)
Source of term SNKPH
655 #7 - INDEX TERM--GENRE/FORM
Genre/form data or focus term Irish fiction (English)
Source of term SNKPHeng
700 1# - ADDED ENTRY--PERSONAL NAME
Personal name Kot, Jozef,
Dates associated with a name 1936-2022
Relationship trl
942 ## - ADDED ENTRY ELEMENTS (KOHA)
Source of classification or shelving scheme Dewey Decimal Classification
Koha item type Krásna literatúra pre dospelých
Suppress in OPAC No
Holdings
Stav vyradenia Strata Poškodenie Spôsob nadobudnutia Domovská knižnica Aktuálna knižnica Dátum nadobudnutia Total checkouts Čiarový kód exemplára Date last seen Typ exemplára
      Dar Obecná knižnica Folkušová Obecná knižnica Folkušová 15.04.2026   4734401065 15.04.2026 Krásna literatúra pre dospelých
Projekt je podporený Slovenskou asociáciou knižníc
Prevádzkuje Turčianska knižnica Martin 2026